Responses for show #1699 - Thursday, January 9, 1992

Contestants

[<< previous game]

Liz MacGillicuddy-Lucas, an actress originally from Hollywood, California

Doug Frost, a lawyer originally from Riverside, California

Peter Wadhams, a podiatrist originally from Rochester, New York (whose 1-day cash winnings total $12,000)

[next game >>]

Jeopardy! Round responses

ANIMAL DINING HABITS
THE 1990 OSCARS
NICKNAMES
MATH
LOS ANGELES
CROSSWORD CLUES: "H"
    $100 11
a hummingbird

Peter
    $100 9
Dances with Wolves

Peter
    $100 2
"Magic"

Liz
    $100 1
parallel

Doug
    $100 23
(Doug: What is New York?)

Chicago

PeterDoug
    $100 16
hope

Liz
    $200 12
an elephant

Liz
    $200 10
Madonna

Doug
    $200 3
Custer

Doug
    $200 4
perimeter

Peter
    $200 24
Watts

Doug
    $200 17
heel

Doug
    $300 13
hay

Peter
    $300 28
Richard Zanuck

Liz
    $300 6
(Doug: What is Grant?)
(Peter: Who is LBJ?)

Sam Houston

PeterDougLiz
    $300 5
the numerator

Doug
    $300 25
Griffith Park

Liz
    $300 18
honey

Doug
    $400 14
an anteater

Peter
    $400 29
(Kathy) Bates

Peter
    $400 7
(Liz: Who is Thomas Jefferson?)

James Madison

Liz
Triple Stumper
    $400 21
(Peter: What is ni...3!)
(Liz: What is 3?)

18

PeterLiz
Triple Stumper
    $400 26
[Going into the 2nd commercial break, Alex mentions that they will be reviewing the ruling on this clue, whether "20 Century Fox" should have been required. Before Double Jeopardy!, Alex announces that they tend to be more lenient in the Jeopardy! round, in order for players to pick up money, so they decided to let the ruling stand.]

20th Century

Doug
    $400 19
(Alex: Oh, you're gonna love this one. What is [*]?)

Hoover

Triple Stumper
    $1,300 15
(Doug: What is nectar?)

royal jelly

Peter
    $500 30
Myrna Loy

Liz
    $500 8
Champlain

Peter
    $500 22
a right triangle

Doug
    $500 27
1932 & 1984

Doug
    $500 20
hammer

Peter

Scores at the first commercial break (after clue 15):

Peter Doug Liz
$0 $500 $200

Scores at the end of the Jeopardy! Round:

Peter Doug Liz
$600 $2,500 $1,000

Double Jeopardy! Round responses

THE 15th CENTURY
(Alex: Boy, was that a winner!)
POETS & POETRY
FAMOUS NURSES
SCULPTURE
SCIENCE
MILITARY LEADERS
    $200 3
Constantinople

Peter
    $200 12
the Brooklyn Bridge

Liz
    $200 15
Clara Barton

Liz
    $200 23
the Great Salt Lake

Doug
    $200 1
the jet stream

Doug
    $200 11
Queen Elizabeth II

Liz
    $400 7
the (Spanish) Inquisition

Liz
    $400 13
rosebuds

Liz
    $400 18
the Civil War

Doug
    $400 24
(Peter: What is South Dakota?)

Oklahoma

Peter
Triple Stumper
    $400 2
Mars

Liz
    $400 19
Napoleon Bonapatre

Triple Stumper
    $600 8
the Hundred Years' War

Doug
    $600 14
(Peter: What is dark night?)

that good night

PeterDoug
    $600 28
Florence Nightingale

Liz
    $600 25
(Doug: Who is Aphrodite?)
...
(Alex: We have less than a minute to go.)

Daphne

Doug
Triple Stumper
    $600 4
oxygen

Doug
    $600 20
the WACs (the Women's Army Corps)

Peter
    $800 9
Cambridge

Doug
    $800 16
Robert Burns

Liz
    $1,500 29
[End-of-round noise plays.]

Margaret Sanger

Liz
    $800 26
Claes Oldenburg

Triple Stumper
    $800 5
cadmium

Doug
    $800 21
(Peter: What is the Pentagon?)

the Panama Canal

PeterDoug
    $1,000 10
(Doug: What is Florence?)

Milan

Doug
    $1000 17
Keats

Liz
    $1000 27
Brancusi

Triple Stumper
    $1000 6
the anode

Peter
    $1000 22
(Doug: Who is Teddy Roosevelt?)
...
(Alex: Who is Charles Vernon [*]? "Fire when ready, [*].")

Gridley

Doug
Triple Stumper

Scores at the end of the Double Jeopardy! Round:

Peter Doug Liz
$600 $4,900 $6,700

[wagering suggestions for these scores]

Final Jeopardy! Round responses

THE SENATE
(Alex: [To Doug] Bentsen is incorrect. Lloyd Bentsen is a Democrat.)
...
(Alex: [Revealing the correct response] Very tragic end to the life of Senator [*].)
(Liz: Of course!)
PeterWho was Dirkson?
$600
DougWho is Bentsen
$4,900
LizWho is ?
$4,901
John Tower

Final scores:

Peter Doug Liz
$0 $0 $1,799
3rd place: Handheld Nemesis Igo Dojo game 2nd place: General Electric Satellite TV System + Lane Action recliner New champion: $1,799

Game dynamics:

Coryat scores:

Peter Doug Liz
$1,900 $5,900 $6,000
12 R,
6 W
(including 1 DD)
19 R,
5 W
(including 1 DD)
17 R
(including 1 DD),
2 W

Combined Coryat: $13,800

The J! Archive is created by fans, for fans. The Jeopardy! game show and all elements thereof, including but not limited to copyright and trademark thereto, are the property of Jeopardy Productions, Inc. and are protected under law. This website is not affiliated with, sponsored by, or operated by Jeopardy Productions, Inc. Join the discussion at JBoard.tv.